000 01063am a2200385a 44500
003 AR-BaBNM
005 20251128203114.0
008 117019s1984 #AR|||||||||||000 | spa||
040 _cAR-BaBNM
100 1 _aQuellet, Ricardo Luis
245 1 0 _aSíntesis política del Oriente Medio
260 _aBuenos Aires
_bFuerza Aérea Argentina
_c1984
300 _a276 p.
_bmapas
490 0 _aRevista de la escuela superior de guerra aérea de la fuerza aérea argentina
504 _aBibliografía consultada p. 273-276.
650 4 _aARABES
650 4 _aSEMITAS
650 4 _aGRUPOS
650 4 _aMUSULMANES
650 4 _aPERSONAS RELIGIOSAS
650 4 _aJUDAISMO
650 4 _aJUDIOS
650 4 _aRELIGION
650 4 _aGUERRA
650 4 _aTOLERANCIA
650 4 _aHISTORIA SOCIAL
650 4 _aREVOLUCION
650 4 _aHISTORIA POLITICA
650 4 _aHISTORIA MILITAR
651 4 _aAsia
800 1 _aRivero, Manuel Remberto
_edirector
800 1 _aGarcía Mira, Octavio José
_ecolaborador
942 _cBK
998 _cmariana
999 _c1918
_d1918